Visualizzazione normale
Vista MARC
- Diritti Giorgio
di Personal Name
Records bibliografici associati: 1
001 - CONTROL NUMBER
- control field: 37743
003 - CONTROL NUMBER IDENTIFIER
- control field: IT-RoPau
005 - DATE AND TIME OF LATEST TRANSACTION
- control field: 20151125172846.0
008 - FIXED-LENGTH DATA ELEMENTS
- fixed length control field: 151125|| aca||aabn | a|a d
040 ## - CATALOGING SOURCE
- Original cataloging agency: IT-RoPau
- Transcribing agency: IT-RoPau
100 ## - HEADING--PERSONAL NAME
- Personal name: Diritti Giorgio
- Relator term: (soggetto)
- Miscellaneous information: Codice Soggetto SPICS: 59415
670 ## - SOURCE DATA FOUND
- Source citation: Work cat.: (IT-RoPau)104802: Diritti Giorgio Codice regista SPICS: 59415 37738, UOMO CHE VERRA' (L') UOMO CHE VERRA' (L') (Rif. Codice opera principale : K0585)